Library Banner

Ramooz i ashiq = رموز عشق / (Record no. 133611)

MARC details
000 -LEADER
fixed length control field 00447nam a22001457a 4500
005 - DATE AND TIME OF LATEST TRANSACTION
control field 20240327093113.0
008 - FIXED-LENGTH DATA ELEMENTS--GENERAL INFORMATION
fixed length control field 240327b ||||| |||| 00| 0 eng d
040 ## - CATALOGING SOURCE
Transcribing agency PK-LaUMT
082 ## - DEWEY DECIMAL CLASSIFICATION NUMBER
Classification number APC 297.4
Item number MIR-R
100 ## - MAIN ENTRY--PERSONAL NAME
Personal name Mir Wali ud Din = میر ولی الدین
245 ## - TITLE STATEMENT
Title Ramooz i ashiq = رموز عشق /
Statement of responsibility, etc by Mir Wali ud Din = میر ولی الدین
260 ## - PUBLICATION, DISTRIBUTION, ETC. (IMPRINT)
Place of publication, distribution, etc Lahore :
Name of publisher, distributor, etc Progressive Books,
Date of publication, distribution, etc 1991
300 ## - PHYSICAL DESCRIPTION
Extent 208 p.
942 ## - ADDED ENTRY ELEMENTS (KOHA)
Koha item type Books
Holdings
Withdrawn status Lost status Damaged status Home library Current library Date acquired Full call number Barcode Date last seen Price effective from Koha item type
      UMT Main Campus UMT Main Campus 2024-03-27 APC 297.4 MIR-R 145975 2024-03-27 2024-03-27 Books